Word Ladder: Jane Austen Quiz Stats

 Plays Quiz Updated May 11, 2016

Challenge
Share
Tweet
Embed
Score 0/13 Timer 01:30
3 Plays Today
Hint 5-Letter Word % Correct
Jane Austen novel: '____ and Prejudice'PRIDE
99.6%
Wild goose _____CHASE
93.4%
NearbyCLOSE
93.3%
SelectedCHOSE
93.2%
Jane Austen novel: '____ and Sensibility'SENSE
92.6%
Exact genetic replicaCLONE
92.1%
Future, present, or past perfect, e.g.TENSE
88.8%
____ and desistCEASE
88.1%
Not poetryPROSE
85.9%
Vulnerable, lying flatPRONE
83.5%
Ugly old womanCRONE
83.4%
A flirt or coquetteTEASE
83.3%
To force open with a lever [UK]PRISE
81.6%

Today's Daily Dose

You're not logged in!

Compare scores with friends on all Sporcle quizzes.
OR
Log In

You Might Also Like...

Show Comments

Extras

Top Quizzes Today


Score Distribution

Your Account Isn't Verified!

In order to create a playlist on Sporcle, you need to verify the email address you used during registration. Go to your Sporcle Settings to finish the process.

Report this User

Report this user for behavior that violates our Community Guidelines.

Details: